000 00277nam a2200109Ia 4500
005 20251222154307.0
008 251222s9999||||xx |||||||||||||| ||spa||
082 _a868.9/M28
100 _a"Matute Ausejo, Ana MarĂ­a"
245 0 _aAlgunos muchachos y otros cuentos
942 _cLIB
999 _c33252
_d33252